Religion Quiz

Random Religion or Judaism Quiz

Five Letter Religion A-Z Quiz Stats

 Plays Quiz not verified by Sporcle

Challenge
Share
Tweet
Embed
Score 0/26 Timer 04:00
0 Plays Today
Clue Word % Correct
Christian symbolCross
95.7%
Gabriel or MichaelAngel
93.1%
He betrayed JesusJudas
92%
Religion, founded by MuhammadIslam
91.2%
Father, son and holy _____Ghost
91.1%
Leader of a Jewish synagogueRabbi
86.1%
Muslim holy bookQur'an
85.5%
Goddess of loveVenus
84.2%
Sacred song or hymnPsalm
81.5%
Brigham _____: Latter Day SaintYoung
73.4%
Also known as a spirit boardOuija
73.1%
Deadly sinWrath
72.6%
Ancient Celtic priestDruid
67%
Clue Word % Correct
First 5 books Old TestamentTorah
63.8%
Senior religious figure Elder
57.2%
Book of the Old TestamentKings
51.6%
Falcon-headed Egyptian godHorus
51.1%
Name of eight popesUrban
50.8%
Biblical oil of holy ointmentMyrrh
47%
Jewish Passover serviceSeder
44.7%
Persian monotheistic religionBaha'i
38%
Vulcan: Roman god of fire and _____Forge
35.9%
Dominus vobiscum or Beati pacificiLatin
34.1%
Seventh book of the 12 minor prophetsNahum
31.7%
Galician form of JesusXesús
29.3%
One of the Five Pillars of IslamZakat
13.5%

You're not logged in!

Compare scores with friends on all Sporcle quizzes.
OR
Log In

You Might Also Like...

Show Comments

Extras

Top Quizzes Today


Score Distribution

Your Account Isn't Verified!

In order to create a playlist on Sporcle, you need to verify the email address you used during registration. Go to your Sporcle Settings to finish the process.

Report this User

Report this user for behavior that violates our Community Guidelines.

Details: